| 000 | 00460nam a2200169 i 4500 | ||
|---|---|---|---|
| 001 | 147287 | ||
| 003 | ES-MaACL | ||
| 005 | 20231220145059.0 | ||
| 007 | t| | ||
| 008 | 070925s1970 sp ||||1| spa d | ||
| 100 | 1 |
_aUceta, Acacia, _d1925-2002 _9111853 |
|
| 245 | 1 | 0 |
_aDetras de cada noche / _cAcacia Uceta. |
| 260 |
_aMadrid : _bNacional, _c1970. |
||
| 300 |
_a79 p. : _bil. ; _c21 cm. |
||
| 852 |
_aES-MaACL _jC-39590 _bR.75049 |
||
| 999 |
_c147287 _d147287 |
||